• 首页
  • 本馆介绍
  • 公告通知
  • 最新文献
  • 馆藏检索
  • 电子资源
  • 读者导购
  • 参考咨询
  • 我的图书馆
  • 登录
  • 详细信息显示
  • 放入我的书架
  • 预约/预借图书
  • 作者相关作品
  • 分类相关作品
  • 丛书相关作品
  • 出版社相关作品

书目信息

  • 表格格式
  • 工作单格式
  • 卡片格式
题名:
环境法治问题研究
    
 
作者: 张贵玲 , 张兆成 , 马玉祥 著
分册:  
出版信息: 北京   人民出版社  2015.9
页数: 317页
开本: 24cm
丛书名:
单 册:
中图分类: D912.604
科图分类:
主题词: 环境保护法--研究
电子资源:
ISBN: 978-7-01-014833-5
000 00880nam0 2200277 450
001 351803
005 20161017102652.75
010    @a978-7-01-014833-5@dCNY48.00
100    @a20151221d2015 em y0chiy50 ea
101 0  @achi
102    @aCN@b110000
105    @ay a 000yy
106    @ar
200 1  @a环境法治问题研究@f张贵玲, 张兆成, 马玉祥著
210    @a北京@c人民出版社@d2015.9
215    @a317页@d24cm
306    @a北民族大学法学院环境与资源保护法专业硕士学位点资助出版
320    @a有书目 (第307-315页)
330    @a本书分为三个大部分,分别对环境法治基础理论、西方国家环境法治发展的基本经验和我国环境法治的部门法治建设问题及对策进行了深入的论述和分析。
606 0  @a环境保护法@x研究
690    @aD912.604@v5
701  0 @a张贵玲@4著
701  0 @a张兆成@4著
701  0 @a马玉祥@4著
801  0 @aCN@bTANGWEI@c20161010
905    @b0896595-9@dD912.604@e650@f5
    
    环境法治问题研究/张贵玲, 张兆成, 马玉祥著.-北京:人民出版社,2015.9
    317页;24cm
    
    
    ISBN 978-7-01-014833-5:CNY48.00
    本书分为三个大部分,分别对环境法治基础理论、西方国家环境法治发展的基本经验和我国环境法治的部门法治建设问题及对策进行了深入的论述和分析。
●
相关链接 在E读中查询图书 在五车中查询图书 在当当中查询图书 在豆瓣中查询图书


正题名:环境法治问题研究     索取号:D912.604/650         预约/预借

序号 登录号 条形码 馆藏地/架位号 状态 备注
1 0896595   208965958   第一样本阅览室/ [索取号:D912.604/650] 在馆    
2 0896596   208965967   第一借阅区/ [索取号:D912.604/650] 在馆    
3 0896597   208965976   第一借阅区/ [索取号:D912.604/650] 在馆    
4 0896598   208965985   第一借阅区/ [索取号:D912.604/650] 在馆    
5 0896599   208965994   密集书库-史法系/ [索取号:D912.604/650] 在馆    
唐山师范学院图书馆 欢迎您!
大连网信软件有限公司© 版权所有